书目信息 |
| 题名: |
水污染防治法实用问答与案例
|
|
| 作者: | 李大伟 , 周冲 , 崔赟 编著 | |
| 分册: | ||
| 出版信息: | 北京 中国法制出版社 2008.03 |
|
| 页数: | 239页 | |
| 开本: | 21cm | |
| 丛书名: | ||
| 单 册: | ||
| 中图分类: | D922.685 | |
| 科图分类: | ||
| 主题词: | 水污染防治法--shui wu ran fang zhi fa--案例--中国 , 水污染防治法--shui wu ran fang zhi fa--中国--问答 | |
| 电子资源: | ||
| ISBN: | 978-7-5093-0459-4 | |
| 000 | 00977nam0 2200265 450 | |
| 001 | 012008745478 | |
| 005 | 20080613083815.31 | |
| 010 | @a978-7-5093-0459-4@dCNY20.00 | |
| 100 | @a20080613d2008 em y0chiy0120 ea | |
| 101 | 0 | @achi |
| 102 | @aCN@b110000 | |
| 105 | @ay z 000yy | |
| 106 | @ar | |
| 200 | 1 | @a水污染防治法实用问答与案例@Ashui wu ran fang zhi fa shi yong wen da yu an li@f李大伟, 周冲, 崔赟编著@Fli da wei,zhou chong,cui yun bian zhu |
| 210 | @a北京@c中国法制出版社@d2008.03 | |
| 215 | @a239页@d21cm | |
| 330 | @a本书为三个部分,第一部分水污染防治实用问答、第二部分水污染事件和案例、第三部分水污染防治相关法律法规。 | |
| 606 | 0 | @a水污染防治法@Ashui wu ran fang zhi fa@x案例@y中国 |
| 606 | 0 | @a水污染防治法@Ashui wu ran fang zhi fa@y中国@j问答 |
| 690 | @aD922.685@v4 | |
| 701 | 0 | @a李大伟@Ali da wei@4编著 |
| 701 | 0 | @a周冲@Azhou chong@4编著 |
| 701 | 0 | @a崔赟@Acui yun@4编著 |
| 801 | 0 | @aCN@bQSSK@c20080613 |
| 905 | @b727609-11@dD922.685@eL147@f3 | |
| 水污染防治法实用问答与案例/李大伟, 周冲, 崔赟编著.-北京:中国法制出版社,2008.03 |
| 239页;21cm |
| ISBN 978-7-5093-0459-4:CNY20.00 |
| 本书为三个部分,第一部分水污染防治实用问答、第二部分水污染事件和案例、第三部分水污染防治相关法律法规。 |
| ● |
| 相关链接 |
|
|
|
正题名:水污染防治法实用问答与案例
索取号:D922.685/L147
 
预约/预借
| 序号 | 登录号 | 条形码 | 馆藏地/架位号 | 状态 | 备注 |
| 1 | 727609 | 207276099 | 社科库509/509社科库 90排7列1层/ [索取号:D922.685/L147] | 在馆 | |
| 2 | 727610 | 207276106 | 社科库509/509社科库 90排7列1层/ [索取号:D922.685/L147] | 在馆 | |
| 3 | 727611 | 207276115 | 社科库509/509社科库 90排7列1层/ [索取号:D922.685/L147] | 在馆 |